000 00668nam a2200253Ia 4500
003 OSt
005 20220925221727.0
006 a|||||r|||| 00| 0
007 ta
008 220923b |||||||| |||| 00| 0 eng d
020 _a8609 1 014 8
037 _cGeneral Book
040 _aRTL
_cRTL
_beng
041 _2eng
_aeng
082 _aR5z7, L9
100 _aBenjamin Walter
245 0 _aOne way street and other writing. Tr by Edmund Jep
260 _aLondon
_bN L B
_c1979
300 _a392p
_ccm.
500 _aBibliography: P 387-88
650 _aEthics
942 _hR5z7, L9
_cGB
_2CC
999 _c575167
_d575167